[Event "Bielefeld Gr8"]
[Site "Bielefeld"]
[Date "2006.06.05"]
[Round "7"]
[White "Last, Tobias"]
[Black "Kallweit, Felix"]
[Result "0-1"]
[WhiteElo "767"]
[BlackElo "992"]
[PlyCount "64"]
[EventDate "2006.06.02"]
[EventType "swiss"]
[EventRounds "7"]
[EventCountry "GER"]
[SourceTitle "EXT 2007"]
[Source "ChessBase"]
[SourceDate "2006.11.23"]
[SourceVersion "1"]
[SourceVersionDate "2006.11.23"]
[SourceQuality "1"]

1. e4 e5 2. Nf3 Nc6 3. Bc4 Bc5 4. 0-0 Nf6 5. Nc3 0-0 6. d3 h6 7. Bd2 d6 8. Qe2 Bg4 9. h3 Bh5 10. Be3 Bxe3 11. Qxe3 Bxf3 12. Qxf3 Nd4 13. Qe3 Nxc2 14. Qd2 Nxa1 15. Rxa1 c6 16. d4 b5 17. Bb3 exd4 18. Qxd4 Re8 19. Bc2 c5 20. Qd3 b4 21. Nd5 Nxd5 22. exd5 g6 23. Qd2 Qg5 24. Qxg5 hxg5 25. a3 Re2 26. Bd3 Rxb2 27. Re1 bxa3 28. Rd1 Rab8 29. Rf1 a2 30. Ra1 Rb1+ 31. Bxb1 Rxb1+ 32. Rxb1 axb1Q+ 0-1

[Event "Bielefeld Gr8"]
[Site "Bielefeld"]
[Date "2006.06.02"]
[Round "1"]
[White "Kallweit, Felix"]
[Black "Fister, Horst Lothar"]
[Result "0-1"]
[WhiteElo "992"]
[BlackElo "1295"]
[PlyCount "48"]
[EventDate "2006.06.02"]
[EventType "swiss"]
[EventRounds "7"]
[EventCountry "GER"]
[SourceTitle "EXT 2007"]
[Source "ChessBase"]
[SourceDate "2006.11.23"]
[SourceVersion "1"]
[SourceVersionDate "2006.11.23"]
[SourceQuality "1"]

1. e4 d5 2. e5 c5 3. c4 Bf5 4. Nf3 d4 5. d3 e6 6. Be2 Ne7 7. 0-0 Ng6 8. Bg5 Be7 9. Bxe7 Qxe7 10. Qd2 Nc6 11. Bd1 0-0 12. Ba4 Ncxe5 13. Nxe5 Nxe5 14. Bc2 Qf6 15. f4 Ng4 16. h3 Ne3 17. Re1 Qg6 18. Kh2 Qh6 19. Qf2 Ng4+ 20. Kg1 Nxf2 21. Kxf2 Qh4+ 22. Kf1 Qxf4+ 23. Kg1 Qg5 24. Re5 Qc1+ 0-1